| 000 | 00792nam a22001817a 4500 | ||
|---|---|---|---|
| 003 | OSt | ||
| 005 | 20251001022800.0 | ||
| 008 | 251001b |||||||| |||| 00| 0 eng d | ||
| 020 | _a9780838912157 | ||
| 040 |
_aDWC-Main Lib. _cOC |
||
| 100 | _aBUCHANAN, HEIDI E. | ||
| 245 |
_aThe one-shot library instruction : _bsurvival guide/ _cBUCHANAN, HEIDI E. |
||
| 260 |
_aChicago : _bAmerican Library Association, _cc2014. |
||
| 300 |
_avii, 130 pages : _billustrations ; _c23 cm. |
||
| 504 | _aIncludes bibliographical references. | ||
| 650 | _a1. Library orientation for college students. 2. Information literacy--Study and teaching. 3. Research--Methodology--Study and teaching. 4. Academic libraries--Relations with faculty and curriculum. I. Title. | ||
| 942 |
_2ddc _cBK-0 CIRC _hRes. _n0 |
||
| 999 |
_c4583 _d4583 |
||